000 00494nam a2200181Ia 4500
008 090123s9999 xx 000 0 und d
082 _b18585
100 _aकुसुमाग्रज
245 _aपाथेय
250 _a1
260 _bपॉप्युलर प्रकाशन
_c1989
300 _a95
600 _aकुसुमाग्रज
630 _aपाथेय
700 _aकुसुमाग्रज
730 _aपाथेय
942 _cBOOK
999 _c56648
_d56648